[Event "Gelsenkirchen Silvester op 4th"]
[Site "Gelsenkirchen"]
[Date "2016.12.27"]
[Round "1"]
[White "Nikolaus, Maik"]
[Black "Vishanji, Denis"]
[Result "1/2-1/2"]
[WhiteElo "1561"]
[BlackElo "1320"]
[PlyCount "66"]
[EventDate "2016.12.27"]
[EventType "swiss"]
[EventRounds "5"]
[EventCountry "GER"]
[SourceTitle "EXT 2019"]
[Source "ChessBase"]
[SourceDate "2018.10.10"]
[SourceVersion "1"]
[SourceVersionDate "2018.10.10"]
[SourceQuality "1"]

1. e4 e6 2. d4 d5 3. e5 c5 4. c3 Qb6 5. Nf3 Nc6 6. Be2 Nge7 7. dxc5 Qxc5 8. Be3 Qa5 9. b4 Qc7 10. 0-0 a6 11. Re1 Nxe5 12. Nxe5 Qxe5 13. Qa4+ Bd7 14. Qc2 Nf5 15. Bd3 Bd6 16. g3 Nxe3 17. Rxe3 Qh5 18. Nd2 e5 19. Rae1 0-0 20. Nb3 e4 21. Bf1 f5 22. Qd1 Qf7 23. f4 Be6 24. Nd4 Qg6 25. Nxe6 Qxe6 26. Qb3 Rad8 27. Bh3 Bc7 28. Kh1 Bb6 29. R3e2 Kh8 30. Bg2 Rd6 31. Rd1 Rfd8 32. h4 Qg6 33. Kh2 Qf7 1/2-1/2

[Event "Gelsenkirchen Silvester op 3rd"]
[Site "Gelsenkirchen"]
[Date "2015.12.27"]
[Round "1"]
[White "Siegert, Robert"]
[Black "Nikolaus, Maik"]
[Result "1-0"]
[WhiteElo "1261"]
[BlackElo "1576"]
[PlyCount "71"]
[EventDate "2015.12.27"]
[EventType "swiss"]
[EventRounds "5"]
[EventCountry "GER"]
[SourceTitle "EXT 2019"]
[Source "ChessBase"]
[SourceDate "2018.10.10"]
[SourceVersion "1"]
[SourceVersionDate "2018.10.10"]
[SourceQuality "1"]

1. d4 Nf6 2. Nf3 d5 3. c4 e6 4. Nc3 Nbd7 5. Bf4 Bb4 6. Qb3 Ba5 7. e3 Ne4 8. cxd5 exd5 9. Bd3 Ndf6 10. 0-0 Bg4 11. Bxe4 Nxe4 12. Qxd5 Qxd5 13. Nxd5 0-0-0 14. Nc3 Bxc3 15. bxc3 Nxc3 16. Ne5 Be6 17. Rfe1 f6 18. Nf3 a6 19. Rac1 Nd5 20. Bg3 Rd7 21. a3 Nb6 22. e4 Re8 23. d5 Bf7 24. Nd2 Kd8 25. f3 Nc8 26. Nb3 b6 27. Nd4 Na7 28. Rc2 c5 29. Nc6+ Nxc6 30. dxc6 Rd3 31. Ra1 Re6 32. c7+ Kc8 33. Kf2 Re7 34. Rb1 Rb3 35. Rd1 Rd7 36. Rxd7 1-0